000 00692nam a2200253Ia 4500
003 OSt
005 20220925212710.0
006 a|||||r|||| 00| 0
007 ta
008 220923b |||||||| |||| 00| 0 eng d
020 _a0042000424
037 _cGeneral Book
040 _aRTL
_cRTL
_beng
041 _2eng
_aeng
082 _aQ6:22, M1
100 _aArmstrong John
_975219
245 0 _aIdea of holiness and the humane response
_b A study
260 _aLondon
_bAllen and Unwin UK
_c1981
300 _a177p
_ccm.
500 _aBib p. 167-77
650 _aChristianity
_940559
942 _hQ6:22, M1
_cGB
_2CC
999 _c560995
_d560995